| 000 | 01233pam a2200337 a 4500 | ||
|---|---|---|---|
| 999 |
_c532197 _d532197 |
||
| 001 | 1461272 | ||
| 003 | NUST | ||
| 005 | 20191112123846.0 | ||
| 008 | 860708s1987 enka b 001 0 eng | ||
| 010 | _a 86015954 | ||
| 020 |
_a0471909149 : _c$90.00 (U.S.) |
||
| 038 | _aMSOHAIL | ||
| 040 |
_aDLC _cDLC _dDLC |
||
| 050 | 0 | 0 |
_aTC175.2 _b.S37 1987 |
| 082 | 0 | 0 |
_a551.353 _219 |
| 245 | 0 | 0 |
_aSediment transport in gravel-bed rivers / _cedited by C.R. Thorne, J.C. Bathurst, and R.D. Hey. |
| 260 |
_aChichester [West Sussex] ; _aNew York : _bJ. Wiley, _cc1987. |
||
| 300 |
_axv, 995 p. : _bill. ; _c24 cm. |
||
| 500 | _a"A Wiley-Interscience publication." | ||
| 504 | _aIncludes bibliographies and index. | ||
| 650 | 0 |
_aSediment transport. _913104 |
|
| 650 | 0 |
_aBed load. _925554 |
|
| 650 | 0 |
_aRiver channels. _925555 |
|
| 700 | 1 |
_aThorne, C. R. _q(Colin R.) _925556 |
|
| 700 | 1 |
_aBathurst, J. C. _q(James C.) _925557 |
|
| 700 | 1 |
_aHey, R. D. _q(Richard David) _925558 |
|
| 856 | 4 |
_3Table of Contents _uhttp://www.loc.gov/catdir/toc/onix03/86015954.html |
|
| 856 | 4 | 2 |
_3Publisher description _uhttp://www.loc.gov/catdir/enhancements/fy0706/86015954-d.html |
| 906 |
_a7 _bcbc _corignew _d1 _eocip _f19 _gy-gencatlg |
||
| 942 |
_2ddc _cBK |
||